The power of unreasonable people : (Record no. 17437)

000 -LEADER
fixed length control field 00619cam a2200193 a 4500
020 ## - INTERNATIONAL STANDARD BOOK NUMBER
ISBN 9781422104064
020 ## - INTERNATIONAL STANDARD BOOK NUMBER
ISBN 1422104060
040 ## - CATALOGING SOURCE
Transcribing agency DLC
082 00 - DEWEY DECIMAL CLASSIFICATION NUMBER
Classification number 361 HAR 2008 A114 Or.
100 1# - MAIN ENTRY--AUTHOR NAME
Personal name Elkington, John
245 14 - TITLE STATEMENT
Title The power of unreasonable people :
Remainder of title how social entrepreneurs create markets that change the world /
260 ## - PUBLICATION, DISTRIBUTION, ETC. (IMPRINT)
Place of publication Boston, Mass. :
Name of publisher Harvard Business School Press,
Year of publication c2008
300 ## - PHYSICAL DESCRIPTION
Number of Pages xviii, 242 p. ;
Dimensions 25 cm
650 #0 - SUBJECT ADDED ENTRY--TOPICAL TERM
Topical Term Social entrepreneurship
650 #0 - SUBJECT ADDED ENTRY--TOPICAL TERM
Topical Term Social change
700 1# - ADDED ENTRY--PERSONAL NAME
Personal name Hartigan, Pamela
856 41 - ELECTRONIC LOCATION AND ACCESS
Uniform Resource Identifier http://www.loc.gov/catdir/toc/fy0804/2007030382.html
942 ## - ADDED ENTRY ELEMENTS (KOHA)
Koha item type សៀវភៅភាសាអង់គ្លេស
952 ## - LOCATION AND ITEM INFORMATION (KOHA)
Withdrawn status [LOCAL, KOHA] 0
Holdings
Permanent Location Date acquired Koha item type Lost status Shelving location Barcode Current Location Full call number
Library Block A2018-11-27សៀវភៅភាសាអង់គ្លេស A114A36727Library Block A361 HAR 2008 A114 Or.
មជ្ឈមណ្ឌលឯការនៃសាកលវិទ្យាល័យភូមិន្ទកសិកម្មចំការដូង

Powered by Koha